| 000 | 01280nam a22002175i 4500 | ||
|---|---|---|---|
| 001 | 165421 | ||
| 003 | ES-MaACL | ||
| 005 | 20230906213132.0 | ||
| 008 | 981007m18841885sp 001 0cspa d | ||
| 080 | _a929-055.2(100) | ||
| 100 | 1 |
_aSinués, María del Pilar. _9146793 |
|
| 245 | 1 | 0 |
_aMujeres ilustres : _bnarraciones histórico-biográficas / _cescritas por María del Pilar Sinués. |
| 260 |
_aMadrid : _b[s.n.], _c1884-1885 ( _fEstab. Tip. de Álvarez Hermanos) |
||
| 300 |
_a2 v. (302 ; 326 p.) ; _c18 cm. |
||
| 500 | _aFalta v. 1. | ||
| 505 | 8 | _aContiene: [1. María Estuardo, reina de Francia y de Escocia ; Santa Teresa de Jesús, virgen, doctora y fundadora (302 p.)] -- 2. Catalina Gabrielli ; Agripina, princesa romana ; Blanca Capelos, reina de Chipre y gran duquesa de Toscana (302 p.) -- 3. María Josefina Tascher de la Pagerie, vizcondesa de Beauharnaís y emperatriz de Francia ; Juan d'Arc, la doncella de Orleans ; Luisa Maximiliana de Stolberg, princesa Estuardo y condesa de Albay (326 p.) | |
| 530 | _aDisponible en formato digital la obra completa. | ||
| 650 | 4 |
_aMujeres- _xBiografías. _915255 |
|
| 852 | 4 |
_aES-MaACL _jD-8805-06 _z- Enc. cartoné |
|
| 856 | 4 |
_uhttp://bdh-rd.bne.es/viewer.vm?id=0000067670&page=1 _zBiblioteca Digital Hispánica |
|
| 999 |
_c165421 _d165421 |
||